Marketing management and startegy / (Record no. 160)

000 -LEADER
fixed length control field 00476 a2200169 4500
008 - FIXED-LENGTH DATA ELEMENTS--GENERAL INFORMATION
fixed length control field 210727b ||||| |||| 00| 0 eng d
020 ## - INTERNATIONAL STANDARD BOOK NUMBER
International Standard Book Number 9780273693987
082 00 - DEWEY DECIMAL CLASSIFICATION NUMBER
Classification number 658.8
Item number D7541
100 ## - MAIN ENTRY--PERSONAL NAME
Personal name Doyle, Peter
245 ## - TITLE STATEMENT
Title Marketing management and startegy /
250 ## - EDITION STATEMENT
Edition statement 4th ed.
260 ## - PUBLICATION, DISTRIBUTION, ETC. (IMPRINT)
Place of publication, distribution, etc Harlow:
Name of publisher, distributor, etc Prentice Hall Education Ltd,
Date of publication, distribution, etc 2006.
300 ## - PHYSICAL DESCRIPTION
Extent xii, 446 p.
650 #0 - SUBJECT ADDED ENTRY--TOPICAL TERM
Topical term or geographic name as entry element Marketing
700 ## - ADDED ENTRY--PERSONAL NAME
9 (RLIN) 5113
Personal name Stern, Philip
942 ## - ADDED ENTRY ELEMENTS (KOHA)
Source of classification or shelving scheme
Item type Books
Holdings
Withdrawn status Lost status Source of classification or shelving scheme Damaged status Not for loan Permanent location Current location Date acquired Source of acquisition Cost, normal purchase price Full call number Barcode Date last seen Cost, replacement price Koha item type
          IMU Kolkata IMU Kolkata 2019-09-16 Apex Book Services 4057.92 658.8 D7541 13308 2019-09-16 5524.74 Books
          IMU Kolkata IMU Kolkata 2019-09-16 Apex Book Services 4057.92 658.8 D7541 13309 2019-09-16 5524.74 Books
          IMU Kolkata IMU Kolkata 2019-09-16 Apex Book Services 4057.92 658.8 D7541 13310 2019-09-16 5524.74 Books
          IMU Kolkata IMU Kolkata 2019-09-16 Apex Book Services 4057.92 658.8 D7541 13311 2019-09-16 5524.74 Books
Designed and Maintained by IMU-KC Library, Kolkata Campus © Copyright All Rights Reserved

webs counters

Powered by Koha